| Tag |
First Indicator |
Second Indicator |
Subfields |
| LEADER |
00000cam a2200000 a 4500 |
| 001 |
in00005632003 |
| 006 |
m o d |
| 007 |
cr unu|||||||| |
| 008 |
030520s2002 vau o 000 d eng d |
| 005 |
20250331200902.2 |
| 035 |
|
|
|a (OCoLC)ocm52283421
|
| 040 |
|
|
|a BLKDR
|b eng
|e pn
|c BLKDR
|d OCLCQ
|d CUS
|d OCLCQ
|d UWW
|d OCLCO
|d OCLCF
|d OCLCQ
|d CSO
|d ALSTP
|d RRP
|d MUQ
|d OCLCQ
|d COO
|d OCLCO
|d OCLCQ
|d OCL
|d ORU
|d OCLCQ
|d CNCGM
|d UPM
|d WYU
|d CNCEN
|d OCLCA
|d IAI
|d OCLCO
|d ZNC
|d OCLCO
|d OCL
|d OCLCQ
|d OCLCO
|d OCLCQ
|
| 019 |
|
|
|a 53388021
|a 434084190
|a 593440173
|a 593440174
|a 1014401314
|a 1014432659
|a 1087354879
|a 1112869753
|a 1128018786
|
| 035 |
|
|
|a (OCoLC)52283421
|z (OCoLC)53388021
|z (OCoLC)434084190
|z (OCoLC)593440173
|z (OCoLC)593440174
|z (OCoLC)1014401314
|z (OCoLC)1014432659
|z (OCoLC)1087354879
|z (OCoLC)1112869753
|z (OCoLC)1128018786
|
| 041 |
0 |
|
|a eng
|h eng
|
| 050 |
|
4 |
|a PS3552.U45
|
| 082 |
0 |
4 |
|a 312
|q OCoLC
|
| 049 |
|
|
|a TXAM
|
| 100 |
1 |
|
|a Bullins, Ed,
|e author.
|
| 245 |
1 |
0 |
|a I am Lucy Terry.
|
| 250 |
|
|
|a Electronic ed.
|
| 260 |
|
|
|a Alexandria, Va. :
|b Alexander Street Press,
|c ©2002.
|
| 300 |
|
|
|a 1 online resource.
|
| 336 |
|
|
|a text
|b txt
|2 rdacontent
|
| 337 |
|
|
|a computer
|b c
|2 rdamedia
|
| 338 |
|
|
|a online resource
|b cr
|2 rdacarrier
|
| 386 |
|
|
|n nat
|a Americans
|2 lcdgt
|
| 386 |
|
|
|n eth
|a African Americans
|2 lcdgt
|
| 386 |
|
|
|a Men
|2 lcdgt
|
| 388 |
|
|
|a Twentieth century
|2 lcsh
|
| 490 |
1 |
|
|a Black drama
|
| 500 |
|
|
|a Written by Ed Bullins.
|
| 500 |
|
|
|a Issued in the database: Black drama.
|
| 650 |
|
0 |
|a Drama
|x Black authors.
|
| 650 |
|
0 |
|a American drama
|x African American authors.
|
| 650 |
|
6 |
|a Théâtre américain
|x Auteurs noirs américains.
|
| 650 |
|
6 |
|a Théâtre (Genre littéraire)
|x Auteurs noirs.
|
| 650 |
|
7 |
|a American drama
|x African American authors
|2 fast
|
| 650 |
|
7 |
|a Drama
|x Black authors
|2 fast
|
| 655 |
|
7 |
|a Electronic books.
|2 local
|
| 655 |
|
0 |
|a American drama.
|
| 655 |
|
7 |
|a Drama
|2 fast
|
| 655 |
|
7 |
|a Drama.
|2 lcgft
|
| 655 |
|
7 |
|a Théâtre.
|2 rvmgf
|
| 710 |
2 |
|
|a Alexander Street (Firm)
|
| 830 |
|
0 |
|a Black drama.
|
| 856 |
4 |
0 |
|u http://proxy.library.tamu.edu/login?url=https://www.aspresolver.com/aspresolver.asp?BLDR;PL001777
|z Connect to the full text of this electronic book
|t 0
|
| 955 |
|
|
|a Alexander Street - Twentieth Century North American Drama
|
| 955 |
|
|
|a Alexander Street - Black Drama 3rd Edition
|
| 994 |
|
|
|a 92
|b TXA
|
| 999 |
f |
f |
|s fe59987f-b25b-455a-8e85-3e7eae639b6a
|i 31464ead-1ede-4bad-9bbe-1079257c818b
|t 0
|
| 952 |
f |
f |
|a Texas A&M University
|b College Station
|c Electronic Resources
|d Available Online
|t 0
|e PS3552.U45
|h Library of Congress classification
|
| 998 |
f |
f |
|a PS3552.U45
|t 0
|l Available Online
|